Made in Bolivia : (Record no. 1012)

MARC details
000 -LEADER
campo de control de longitud fija 01003nam a22002057a 4500
008 - DATOS DE LONGITUD FIJA--INFORMACIÓN GENERAL
campo de control de longitud fija 160813s2015 gw||||| |||| 00| 0 eng d
082 04 - NÚMERO DE LA CLASIFICACIÓN DECIMAL DEWEY
Número de clasificación 709.84
Número de ítem C199m
100 ## - ENTRADA PRINCIPAL--NOMBRE DE PERSONA
Nombre de persona Campuzano de Haverkamp, Paola.
9 (RLIN) 5423
245 10 - MENCIÓN DEL TÍTULO
Título Made in Bolivia :
Resto del título contemporary art & design vol. II /
Mención de responsabilidad, etc. Paola Campuzano de Haverkamp.
250 ## - MENCION DE EDICION
Mención de edición 1a ed.
260 ## - PUBLICACIÓN, DISTRIBUCIÓN, ETC.
Lugar de publicación, distribución, etc. Bolivia :
Nombre del editor, distribuidor, etc. Paola Campuzano de Haverkamp,
Fecha de publicación, distribución, etc. 2015.
300 ## - DESCRIPCIÓN FÍSICA
Extensión 254 p.
Otras características físicas il. col.
500 ## - NOTA GENERAL
Nota general Artistas: Alejandra Alarcon, Frank Arbelo, Oscar Barbery Ver, Andres Bedoya, Luciano Calderón, Galo Coca Soto, Alejandra Dorado, Chantal Fischzang, Julio Gonzalez, Douglas Rodrigo Rada, Susana Machicao, Pablo Miño, Alfredo Román, Eduardo Ribera, Marcela Rivera, Raquel Schwartz, Angie Torrico, Daniel Uria, Roberto Unterladstaetter, Roberto Valcarcel y Sergio Vega.
653 10 - TÉRMINO DE INDIZACIÓN--NO CONTROLADO
Término no controlado Arte contemporáneo
653 10 - TÉRMINO DE INDIZACIÓN--NO CONTROLADO
Término no controlado Diseño gráfico
653 10 - TÉRMINO DE INDIZACIÓN--NO CONTROLADO
Término no controlado Comunicación visual
653 10 - TÉRMINO DE INDIZACIÓN--NO CONTROLADO
Término no controlado Arte - Bolivia
653 10 - TÉRMINO DE INDIZACIÓN--NO CONTROLADO
Término no controlado Identidad cultural
653 10 - TÉRMINO DE INDIZACIÓN--NO CONTROLADO
Término no controlado Cultura urbana
Holdings
Estatus retirado Estado de pérdida Fuente del sistema de clasificación o colocación Estado de daño No para préstamo Biblioteca de origen Biblioteca actual Ubicación en estantería Fecha de adquisición Total de préstamos Signatura topográfica completa Código de barras Visto por última vez Precio de reemplazo Tipo de ítem Koha
    Clasificación Decimal Dewey     Biblioteca LadoV Biblioteca LadoV   13/08/2016   709.84 C199m 004214 13/08/2016 13/08/2016 Material 01
    Clasificación Decimal Dewey     Biblioteca LadoV Biblioteca LadoV   02/12/2017   709.84 C199m 004398 02/12/2017 02/12/2017 Material 01